Residential property forecasts (Record no. 119180)
[ view plain ]
| 000 -LEADER | |
|---|---|
| fixed length control field | 01023cas a22002175a 4500 |
| 001 - CONTROL NUMBER | |
| control field | L143536 |
| 008 - FIXED-LENGTH DATA ELEMENTS--GENERAL INFORMATION | |
| fixed length control field | 080515c2005 xxkan wssss 0 a0eng u |
| 035 ## - SYSTEM CONTROL NUMBER | |
| System control number | (Sirsi) u143536 |
| 041 0# - LANGUAGE CODE | |
| Language code of text/sound track or separate title | eng |
| 110 2# - MAIN ENTRY--CORPORATE NAME | |
| Corporate name or jurisdiction name as entry element | Cluttons |
| 9 (RLIN) | 2064 |
| 245 00 - TITLE STATEMENT | |
| Title | Residential property forecasts |
| Medium | [electronic resource] |
| 260 ## - PUBLICATION, DISTRIBUTION, ETC. | |
| Place of publication, distribution, etc. | London |
| Name of publisher, distributor, etc. | Cluttons |
| Date of publication, distribution, etc. | 2005- |
| 362 0# - DATES OF PUBLICATION AND/OR SEQUENTIAL DESIGNATION | |
| Dates of publication and/or sequential designation | 2005- |
| 490 #0 - SERIES STATEMENT | |
| Series statement | Residential Property Forecasts |
| 520 ## - SUMMARY, ETC. | |
| Summary, etc. | Provides commentary on the UK and Central London residential property sales markets, and upon Central London residential letting values. Offers a five-year forecast for these markets. Looks in detail at a range of different scenarios. Graphs illustrate the forecasts for these markets in each of the scenarios discussed. |
| 554 ## - | |
| -- | Updated irregularly |
| 651 #4 - SUBJECT ADDED ENTRY--GEOGRAPHIC NAME | |
| Geographic name | United Kingdom |
| Chronological subdivision | |
| 690 ## - LOCAL SUBJECT ADDED ENTRY--TOPICAL TERM (OCLC, RLIN) | |
| Topical term or geographic name as entry element | PROPERTY-RESIDENTIAL PROPERTY-RESIDENTIAL PROPERTY MARKET |
| 856 40 - ELECTRONIC LOCATION AND ACCESS | |
| Uniform Resource Identifier | <a href="https://www.cluttons.com/research_index.cfm?serviceCategoryId=1">https://www.cluttons.com/research_index.cfm?serviceCategoryId=1</a> |
| Public note | View the item free of charge at www.cluttons.com... |
| 942 ## - ADDED ENTRY ELEMENTS (KOHA) | |
| Suppress in OPAC | 0 |
| Withdrawn status | Lost status | Source of classification or shelving scheme | Damaged status | Not for loan | Home library | Current library | Shelving location | Date acquired | Total Checkouts | Full call number | Barcode | Date last seen | Copy number | Price effective from | Koha item type |
|---|---|---|---|---|---|---|---|---|---|---|---|---|---|---|---|
| Dewey Decimal Classification | Virtual | Virtual | Online | 15/05/2008 | ONLINE PUBLICATION | 143536-1001 | 06/08/2019 | 1 | 06/08/2019 | Book |